La Amenaza continua

Guardat en:
Dades bibliogràfiques
Format: Text
Matèries:
Etiquetes: Afegir etiqueta
Sense etiquetes, Sigues el primer a etiquetar aquest registre!

MARC

LEADER 00000 a a2200000 04500
001 5060
003
040
245 |a La Amenaza continua  
650 |a AGRESION  
773 |g número 146; páginas 26-29  
999 |c 38254  |d 38254